| 000 | 02298cam a22004334a 4500 | ||
|---|---|---|---|
| 001 | muse83431 | ||
| 003 | MdBmJHUP | ||
| 005 | 20210127151526.0 | ||
| 006 | m o d | ||
| 007 | cr||||||||nn|n | ||
| 008 | 190729s2020 flu o 00 0 eng d | ||
| 010 | _z 2019032962 | ||
| 020 | _a9780813065663 | ||
| 020 | _z9780813066325 | ||
| 035 | _a(OCoLC)1112141139 | ||
| 040 |
_aMdBmJHUP _cMdBmJHUP |
||
| 050 | 0 | 4 |
_aPR6019.O9 _bZ7183 2020 |
| 082 | 0 |
_a823/.912 _223 |
|
| 100 | 1 |
_aMacDuff, Sangam, _eauthor. |
|
| 245 | 1 | 0 |
_aPanepiphanal World _bJames Joyce's Epiphanies / _cby Sangam MacDuff ; foreword by Sebastian D.G. Knowles. |
| 300 | _a1 online resource (pages cm) | ||
| 490 | 0 | _aThe Florida James Joyce series | |
| 504 | _aIncludes bibliographical references and index. | ||
| 505 | 0 | _aIntroduction -- From Genesis to Joyce: A Brief History of Epiphany -- "Remember your epiphanies . . . deeply deep" -- Silence and Repetition in Dubliners -- "A day of dappled seaborne clouds": A Portrait of the Artist's Epiphany -- Permutations of Epiphany in Ulysses -- The Panepiphanal World of Finnegans Wake -- Conclusion -- Appendix: Epiphanies in Joyce's Work | |
| 506 | 0 |
_aOpen Access _fUnrestricted online access _2star |
|
| 520 |
_a"This book is the first in-depth study of the forty short texts James Joyce called "epiphanies." Sangam MacDuff argues that the epiphanies are an important point of origin for Joyce's entire body of work, showing how they shaped the structure, style, and language of his later writings"-- _cProvided by publisher. |
||
| 588 | _aDescription based on print version record. | ||
| 600 | 1 | 1 |
_aJoyce, James, _d1882-1941 _xCriticism and interpretation. |
| 655 | 7 |
_aElectronic books. _2local |
|
| 700 | 1 |
_aKnowles, Sebastian D. G. _q(Sebastian David Guy), _eauthor of foreword. |
|
| 776 | 1 | 8 |
_iOnline version: _tPanepiphanal world _dGainesville : University Press of Florida, 2020. _z9780813057439 _w(DLC) 2019032963 |
| 710 | 2 |
_aProject Muse. _edistributor |
|
| 830 | 0 | _aFlorida James Joyce series. | |
| 830 | 0 | _aBook collections on Project MUSE. | |
| 856 | 4 | 0 |
_zFull text available: _uhttps://muse.jhu.edu/book/74110/ |
| 999 |
_c26066 _d26066 |
||